Statistiques concernant les 100 plus grands méchants de comics

Cliquez ici pour prendre le quiz!

Statistiques générales

  • Ce quiz a été pris 1 393 fois
  • Le résultat moyen est 19 sur 100

Statistiques - réponses

HintRéponse% Correct
2Le Joker
93%
4Lex Luthor
64%
1Magneto
62%
28Dr. Octopus
58%
13Bouffon Vert
56%
22Venom
56%
8Loki
55%
11Catwoman
52%
47Thanos
51%
51Le Pingouin
50%
12Double-Face
49%
34Bane
46%
64Poison Ivy
43%
14Crâne Rouge/ Red Skull
42%
45Harley Quinn
39%
3Dr. Doom
38%
23Ultron
37%
5Galactus
35%
67Mr.Freeze
35%
72Sandman
33%
87Electro
32%
59Le Sphinx
31%
90Carnage
30%
6Darkseid
29%
10Le Caïd
29%
18Mystique
28%
7Ra's Al Ghul
28%
58L'Epouvantail
27%
32Deathstroke
25%
30Général Zod
25%
24Apocalypse
24%
43Deadshot
24%
62Lizard
24%
44Dents de Sabre
23%
46Doomsday
23%
81Mandarin
22%
85Mysterio
22%
19Le Fléau
21%
17Brainiac
20%
15Sinestro
20%
54Abomination
19%
25Bizarro
16%
73Clayface/Gueule d'argile
16%
31Pr. Zoom
16%
37Zoom
16%
9Dark Phoenix
15%
65Kang
15%
53Kraven
15%
40Baron Zemo II
14%
16Black Adam
14%
69Cheetah
13%
27Captain Cold
12%
20Le Tireur
12%
42Talia Al Ghul
12%
56Dormammu
11%
100MODOK
11%
35Gorilla Grodd
10%
48Mephisto
10%
38Sentinel
9%
36Vandal Savage
9%
52Metallo
8%
39Shredder
8%
70William Stryker
8%
60Amanda Waller
6%
79Mirror Master
6%
21Ozymandias
6%
55Sebatian Shaw
6%
29Sinister
6%
63The Leader
6%
97Violator (Spawn)
6%
94Annihilus
5%
49Anti-Monitor
5%
50Cassandra Nova
5%
57Hobgoblin
5%
78Lady Deathstrike
5%
41Mongul
5%
92Parallax
5%
61Parasite
5%
71Thunderbolt Ross
5%
33Cyborg Superman
4%
66Herr Starr
4%
68Lucifer
4%
95Omega Red
4%
93Omni-Man
4%
80Prometheus
4%
96Despero
3%
84Dr. Light
3%
82Dr. Sivana
3%
99Fin Fang Foom
3%
88Hunter Rose
3%
75Magog
3%
98Mastermind
3%
26Miracleman
3%
76Mr. Mxyzptlk
3%
77Protheus
3%
83Rasputin
3%
89Shade
3%
91The Adversary
3%
86Gouvernor
2%
74Saint of Killers
2%

Distribution des résultats

Percentile par nombre de réponses

% des personnes avec chaque résultat

Votre développement - résultats

Vous n’avez pas pris ce quiz